Современное дачное строительство: практическое пособие при постройке небольших дач для одного семейства с четырмя разработанными проектами дач и разными службами при них, проекты дач на 1200, 1500, 2000 и 6500 рублей.; с 134 рисунками в тексте

Dades bibliogràfiques
Autor principal: Тилинский А. И.
Idioma:rus
Publicat: Санкт-Петербург, Издание книжного склада "А. Ф. Сухова", 1912
Matèries:
Format: MixedMaterials Llibre
KOHA link:https://koha.lib.tpu.ru/cgi-bin/koha/opac-detail.pl?biblionumber=236769

MARC

LEADER 00000nam0a2200000 4500
001 236769
005 20231101231509.0
035 |a (RuTPU)RU\TPU\book\257936 
090 |a 236769 
100 |a 20130430d1912 m y0rusy50 ca 
101 0 |a rus 
102 |a RU 
105 |a a z 001zy 
200 1 |a Современное дачное строительство  |e практическое пособие при постройке небольших дач для одного семейства с четырмя разработанными проектами дач и разными службами при них, проекты дач на 1200, 1500, 2000 и 6500 рублей.  |e с 134 рисунками в тексте  |f А. И. Тилинский 
210 |a Санкт-Петербург  |c Издание книжного склада "А. Ф. Сухова"  |d 1912 
215 |a 70 с.  |c ил. 
320 |a Библиогр. в конце кн. 
606 1 |a Дачи  |2 stltpush  |3 (RuTPU)RU\TPU\subj\4872  |9 33062 
610 1 |a строительство 
610 1 |a практические пособия 
610 1 |a проекты 
610 1 |a архитектура 
610 1 |a чертежи 
610 1 |a разработка 
610 1 |a фундаменты 
610 1 |a каменные работы 
610 1 |a кирпичная кладка 
610 1 |a плотничные работы 
610 1 |a кровли 
610 1 |a лестницы 
610 1 |a печные работы 
610 1 |a отделка 
610 1 |a окраска 
675 |a 728.8  |v 3 
700 1 |a Тилинский  |b А. И. 
801 1 |a RU  |b 63413507  |c 20130430 
801 2 |a RU  |b 63413507  |c 20130514  |g RCR 
942 |c BK